U.S. States in the Central Time Zone - Statistics

General Stats
  • This quiz has been taken 140 times
  • The average score is 16 of 20
Answer Stats
State % Correct
Illinois
95%
Texas
94%
Missouri
90%
North Dakota
90%
Alabama
87%
Arkansas
87%
Kansas
87%
South Dakota
86%
Mississippi
85%
Nebraska
83%
Oklahoma
83%
Iowa
82%
Wisconsin
81%
Minnesota
80%
Louisiana
77%
Kentucky
72%
Indiana
71%
Tennessee
71%
Michigan
69%
Florida
41%
No matching quizzes found
Score Distribution
Percent of People with Each Score
Percentile by Number Answered
Your Score History
You have not taken this quiz